UITU Library & LRC     

Managing Quality in Tourism: theory and practice. (Record no. 17705)

MARC details
000 -LEADER
fixed length control field 00511nam a2200181Ia 4500
008 - FIXED-LENGTH DATA ELEMENTS--GENERAL INFORMATION
fixed length control field 240925s9999 xx 000 0 und d
020 ## - INTERNATIONAL STANDARD BOOK NUMBER
International Standard Book Number 9788180140849
082 ## - DEWEY DECIMAL CLASSIFICATION NUMBER
Classification number 338.4791068 HAR
100 ## - MAIN ENTRY--PERSONAL NAME
Personal name Harrington, Denis.
245 #0 - TITLE STATEMENT
Title Managing Quality in Tourism: theory and practice.
250 ## - EDITION STATEMENT
Edition statement NA
260 ## - PUBLICATION, DISTRIBUTION, ETC.
Place of publication, distribution, etc. New Delhi:
Name of publisher, distributor, etc. Standard Publishers Distributors
Date of publication, distribution, etc. ,2007.
300 ## - PHYSICAL DESCRIPTION
Extent 138p.
Other physical details N.A
Type of unit Original
500 ## - GENERAL NOTE
General note Includes Index
600 ## - SUBJECT ADDED ENTRY--PERSONAL NAME
Personal name Social Sciences
650 ## - SUBJECT ADDED ENTRY--TOPICAL TERM
Topical term or geographic name entry element Social Sciences
942 ## - ADDED ENTRY ELEMENTS (KOHA)
Koha item type Books
Holdings
Withdrawn status Lost status Damaged status Not for loan Collection Home library Current library Date acquired Source of acquisition Total checkouts Full call number Barcode Date last seen Price effective from Koha item type
        Social Sciences UITU Library UITU Library 03/26/2021 Paramount Book Pvt Ltd   338.4791068 HAR Q15206 09/25/2024 09/25/2024 Books

Powered by Koha